The Bible story. (Record no. 1643)
[ view plain ]
| 000 -LEADER | |
|---|---|
| fixed length control field | 00673cam a2200241 a 4500 |
| 001 - CONTROL NUMBER | |
| control field | 1415467 |
| 003 - CONTROL NUMBER IDENTIFIER | |
| control field | GBCCL |
| 005 - DATE AND TIME OF LATEST TRANSACTION | |
| control field | 20241126110406.0 |
| 008 - FIXED-LENGTH DATA ELEMENTS--GENERAL INFORMATION | |
| fixed length control field | 831103m19829999xx a j 001 0 eng |
| 010 ## - | |
| -- | 83183624 |
| 040 ## - CATALOGING SOURCE | |
| Original cataloging agency | DLC |
| Transcribing agency | DLC |
| Modifying agency | DLC |
| 050 00 - | |
| -- | BS551.2 |
| -- | .B49 1982 |
| 082 00 - DEWEY DECIMAL CLASSIFICATION NUMBER | |
| Classification number | 220.9505 |
| Edition information | 19 |
| Item number | WOL |
| 100 ## - MAIN ENTRY--PERSONAL NAME | |
| Relationship | Wolverton, Basil |
| 245 04 - TITLE STATEMENT | |
| Title | The Bible story. |
| 260 ## - PUBLICATION, DISTRIBUTION, ETC. | |
| Place of publication, distribution, etc. | California : |
| Name of publisher, distributor, etc. | Ambassador college press, |
| Date of publication, distribution, etc. | 1961, 1963. |
| 300 ## - PHYSICAL DESCRIPTION | |
| Extent | v.1, 3 : |
| Other physical details | ill. ; |
| Dimensions | 25 cm. |
| 500 ## - GENERAL NOTE | |
| General note | . |
| 650 #0 - SUBJECT ADDED ENTRY--TOPICAL TERM | |
| Topical term or geographic name entry element | Bible stories, English. |
| 9 (RLIN) | 1346 |
| 700 1# - ADDED ENTRY--PERSONAL NAME | |
| Personal name | Wolverton, Basil, |
| Dates associated with a name | -1978. |
| 9 (RLIN) | 3373 |
| 906 ## - LOCAL DATA ELEMENT F, LDF (RLIN) | |
| a | 7 |
| b | cbc |
| c | orignew |
| d | 2 |
| e | ncip |
| f | 19 |
| g | y-gencatlg |
| 942 ## - ADDED ENTRY ELEMENTS (KOHA) | |
| Source of classification or shelving scheme | Dewey Decimal Classification |
| Koha item type | Books |
| Koha issues (borrowed), all copies | 2 |
| Withdrawn status | Lost status | Source of classification or shelving scheme | Damaged status | Not for loan | Home library | Current Library | Shelving location | Date acquired | Total checkouts | Full call number | Barcode | Date last seen | Copy number | Price effective from | Koha item type | Total renewals | Date last checked out |
|---|---|---|---|---|---|---|---|---|---|---|---|---|---|---|---|---|---|
| Dewey Decimal Classification | GRACE BIBLE COLLEGE | GRACE BIBLE COLLEGE | Biblical Studies | 2017-05-10 | 220.9505 WOL | 007914 | 2025-05-01 | v.3 | 2017-05-10 | Books | |||||||
| Dewey Decimal Classification | GRACE BIBLE COLLEGE | GRACE BIBLE COLLEGE | Biblical Studies | 2017-05-10 | 2 | 220.9505 WOL | 007913 | 2025-05-01 | v.1 | 2017-05-10 | Books | 1 | 2023-08-25 | ||||
| Dewey Decimal Classification | GRACE BIBLE COLLEGE | GRACE BIBLE COLLEGE | Biblical Studies | 2018-04-24 | 220.9505 WOL | 007916 | 2025-05-01 | v.4 | 2018-04-24 | Books | |||||||
| Dewey Decimal Classification | GRACE BIBLE COLLEGE | GRACE BIBLE COLLEGE | Biblical Studies | 2018-04-24 | 220.9505 WOL | 007943 | 2025-05-01 | v.5 | 2018-04-24 | Books |